000 01057nam a22002417a 4500
003 PE SENCICO BE
005 20251020182648.0
008 240108b |||||||| |||| 00| 0 eng d
040 _aPE SENCICO BE
_cPE SENCICO BE
041 _aspa
084 _aI
_aDIS
_a2016
_bF81
100 1 _91847
_aFrancia Pareja, Isabel Cristina
_eautor
245 1 _aReplanteamiento del diseño interior de un loft, personalizado en una vivienda - estudio /
_cIsabel Cristina Francia Pareja
260 _aLima :
_c2016
300 _a60 h. :
_bil. col., plans. ;
_c30 cm.
502 _aMonografía de Titulación.-- Servicio Nacional de Capacitación para la Industria de la Construcción. Escuela Superior Técnica. Carrera Profesional Técnica en Diseño de Interiores, 2016
650 1 0 _944
_aDiseño de interiores
650 2 0 _9370
_aArquitectura de viviendas
650 2 0 _959
_aConstrucción de viviendas
710 1 _aServicio Nacional de Capacitación para la Industria de la Construcción.
_bEscuela Superior Técnica
_91065
910 _bhfp
_chfp
942 _cMON
999 _c4482
_d4482